| 000 | 00660nam a2200181 i 4500 | ||
|---|---|---|---|
| 001 | 46726 | ||
| 003 | ES-MaACL | ||
| 005 | 20230906161433.0 | ||
| 007 | t| | ||
| 008 | 030331s1921 sp ||||1| spa d | ||
| 111 | 2 |
_aCongreso de la Asociación Española de Urología ( _n5º) _9314 |
|
| 245 | 1 | 0 |
_aTemas oficiales, comunicaciones y discusiones / _cCongreso de la Asociación Española de Urología ; publicados bajo la dirección de Pedro Cifuentes. |
| 260 |
_aMadrid : _bAntonio Marzo, _c1921. |
||
| 300 |
_aXVI, 350 p. ; _c22 cm. |
||
| 700 | 1 |
_aCifuentes, Pedro. _938806 |
|
| 710 | 2 |
_aAsociación Española de Urología. _91684 |
|
| 852 |
_aES-MaACL _jB-11427 |
||
| 999 |
_c46726 _d46726 |
||